The first three sections of Newton's Principia (Record no. 113883)

MARC details
000 -LEADER
fixed length control field 00768cam a22002055a 4500
001 - CONTROL NUMBER
control field L155865
008 - FIXED-LENGTH DATA ELEMENTS--GENERAL INFORMATION
fixed length control field 120418s1843 xxk f 000 0 eng d
035 ## - SYSTEM CONTROL NUMBER
System control number (Sirsi) u155865
041 0# - LANGUAGE CODE
Language code of text/sound track or separate title eng
100 1# - MAIN ENTRY--PERSONAL NAME
Personal name Newton, Isaac
Titles and words associated with a name Sir
Dates associated with a name 1642-1727
245 04 - TITLE STATEMENT
Title The first three sections of Newton's Principia
Remainder of title with an appendix, and the ninth and eleventh sections
250 ## - EDITION STATEMENT
Edition statement 3rd ed.
260 ## - PUBLICATION, DISTRIBUTION, ETC.
Place of publication, distribution, etc. Cambridge
Name of publisher, distributor, etc. Printed by John William Parker...for T. Stevenson...and Rivingtons, and Longman & Co., London
Date of publication, distribution, etc. M.DCCC.XLIII [1843]
300 ## - PHYSICAL DESCRIPTION
Extent 93 p.
Other physical details ill.
Dimensions 23 cm.
583 ## - ACTION NOTE
Action Condition reviewed
Time/date of action 20120620
Status condition level 2
651 #4 - SUBJECT ADDED ENTRY--GEOGRAPHIC NAME
Geographic name Great Britain
Chronological subdivision 1707-
690 ## - LOCAL SUBJECT ADDED ENTRY--TOPICAL TERM (OCLC, RLIN)
Topical term or geographic name as entry element Measurement
9 (RLIN) 6256
700 1# - ADDED ENTRY--PERSONAL NAME
Personal name Evans, John H.
Fuller form of name (John Harrison)
Dates associated with a name 1805-1880
Relator term editor
942 ## - ADDED ENTRY ELEMENTS (KOHA)
Suppress in OPAC 0
Holdings
Withdrawn status Lost status Source of classification or shelving scheme Damaged status Not for loan Home library Current library Shelving location Date acquired Total Checkouts Full call number Barcode Date last seen Copy number Price effective from Koha item type
    Dewey Decimal Classification     Historic collection Historic collection Historic collection 18/04/2012   OCTAVO 1843 NEWTON 30077216 06/08/2019 1 06/08/2019 Book